Premier League 23/24 - Statistiken

Allgemein
  • Dieses Quiz wurde 259 mal gespielt
  • Das Durchschnittsergebnis liegt bei 12 aus 20
Antwortstatistiken
Antwort % Korrekt
Manchester City
96%
Manchester United
93%
Arsenal
91%
Liverpool
87%
Chelsea
86%
Aston Villa
71%
Tottenham Hotspur
63%
Everton
60%
Luton Town
58%
West Ham United
54%
Wolverhampton
48%
Burnley
47%
Newcastle United
47%
Crystal Palace
45%
Brentford
44%
Nottingham Forest
44%
Fulham
38%
Brighton & Hove Albion
37%
Sheffield United
35%
Bournemouth
30%
Keine übereinstimmenden Quizze gefunden
Verteilung der Resultate
Anzahl Personen mit jedem Resultat
Perzentil nach korrekt beantworteten Fragen
Ihre Resultats-Entwicklung
Sie haben dieses Quiz noch nicht gespielt